| 000 | 00770nam a2200193 a 4500 | ||
|---|---|---|---|
| 001 | 14665 | ||
| 003 | CO-ViMGA | ||
| 008 | 141112s2004 ck r 000 u spa d | ||
| 040 |
_aCO-ViMGA _bspa _cCO-ViMGA |
||
| 082 | 0 | 4 | _a612 D444b |
| 100 | 1 |
_aDihigo, Mario _921381 |
|
| 245 | 1 | 0 |
_aBiologia Humana : _banatomia, fisiologia e higiene |
| 260 |
_aEspaƱa, _cEd. Escuela Nueva, _c1971 |
||
| 300 | _a403 p. il. | ||
| 505 | _aAlimentos y vitaminas Aparato Digestivo : higiene y enfermedades Sistema linfatico Sangre : composicion Aparato respiratorio : enfermedades Excrecion y secrecion Fisiologia del sistema nervioso Aparato reproductor Higiene general y enfermedades Vacunas | ||
| 650 | 1 | 4 |
_aANATOMIA HUMANA _913108 |
| 650 | 1 | 4 |
_aFISIOLOGIA HUMANA _921382 |
| 942 |
_2ddc _cBK |
||
| 999 |
_c25207 _d25207 |
||